Alle VW Modelle - Statistiken

Allgemein
  • Dieses Quiz wurde 234 mal gespielt
  • Das Durchschnittsergebnis liegt bei 8 aus 87
Antwortstatistiken
Jahre Kübelwagen % Korrekt
1979–1993 Gol
93%
1945–1946 Käfer
61%
1974–1981 Golf I
27%
1981–1994 Golf II
27%
1996–2005 Golf IV
26%
2002–2010 Golf V
26%
1990–1991 Golf III
25%
2007–2016 Golf VI
25%
2011–2019 Golf VII
25%
2019- Golf VIII
25%
2010–2018 up!
21%
1974–1983 Polo I
18%
2004–2014 Lupo
17%
1981–1992 Polo II
17%
1993–2002 Polo III
16%
1998–2005 Polo III
16%
2001–2005 Phaeton
15%
1999–2001 Polo IV
15%
2005- Polo IV
15%
2008–2017 Polo V
15%
2016- Polo VI
15%
2017- Arteon
13%
2018- ID.3
13%
2005–2010 Fox
12%
1997–2010 Bora
11%
2010- Amarok
10%
2006–2008 Eos
10%
1997–2006 New Beetle
8%
1973–1980 Scirocco I
8%
1981–1985 Scirocco II
8%
2008–2016 Scirocco III
8%
2003–2010 Touran I
8%
2014- Touran II
8%
1980- Passat B2
6%
1984–1992 Passat B3
6%
1992–1998 Passat B4
6%
1995–2010 Passat B5
6%
2005–2010 Passat B6
6%
2010- Passat B7
6%
2012–2019 Passat B8
6%
1994–1999 Sharan I
6%
2009–2017 Sharan II
6%
1978–1988 Jetta I
5%
1983–1992 Jetta II
5%
1970–1975 Passat B1
5%
1988–1993 Corrado
4%
2004–2005 Golf Plus
4%
2008–2013 Passat CC
4%
1980–1988 Santana
4%
1969–1979 K 70
3%
1961–1973 Karmann-Ghia 1500
3%
1949–1979 Karmann-Ghia Typ 14
3%
1991–1999 Vento
3%
2011–2016 VW Beetle
3%
1989–1997 Golf Country
2%
1993–1996 Golf III Cabrio
2%
2014- Golf Sportsvan
2%
1977–1981 Iltis
2%
1968–1974 Porsche 914
2%
1955–1974 VW 1500/1600
2%
1962–1969 VW 411/412
2%
2012- Beetle Cabrio
1%
2005–2011 CrossPolo
1%
2010–2014 CrossPolo
1%
1975–1981 Derby I
1%
1981–1984 Derby II
1%
1979–1984 Golf I Cabrio
1%
2005–2009 Jetta V
1%
2010–2017 Jetta VI
1%
1969–1975 Kurierwagen
1%
1940–1945 Schwimmkübel
1%
1988–1995 Taro
1%
2019- VW T-Cross
1%
2006–2015 VW Tiguan I
1%
2015- VW Tiguan II
1%
2001–2016 VW Touareg I
1%
2010–2018 VW Touareg II
1%
2017- VW Touareg III
1%
2017- VW T-Roc
1%
2003–2015 Caddy Life
0%
2011- Golf VI Cabrio[5]
0%
1946–2003 Käfer Cabrio
0%
2003–2009 New Beetle Cabrio
0%
2004- Polo Fun
0%
2019- T-Roc Cabriolet
0%
1942–1944 Typ 51
0%
2020- VW ID.4
0%
Keine übereinstimmenden Quizze gefunden
Verteilung der Resultate
Anzahl Personen mit jedem Resultat
Perzentil nach korrekt beantworteten Fragen
Ihre Resultats-Entwicklung
Sie haben dieses Quiz noch nicht gespielt